[Event "GER-ch Blitz (Women)"]
[Site "Viernheim"]
[Date "2023.07.15"]
[Round "14"]
[White "Skibbe, Diana"]
[Black "Groeschel, Karoline"]
[Result "1-0"]
[WhiteElo "1938"]
[BlackElo "1934"]
[PlyCount "87"]
[EventDate "2023.07.15"]
[EventType "tourn (blitz)"]
[EventRounds "27"]
[EventCountry "GER"]
[SourceTitle "CBM 215 Extra"]
[Source "ChessBase"]
[SourceDate "2023.09.30"]
[SourceVersion "1"]
[SourceVersionDate "2023.09.30"]
[SourceQuality "1"]

1. e4 c5 2. Nf3 e6 3. d4 cxd4 4. Nxd4 a6 5. c4 Nf6 6. Nc3 Qc7 7. Bd3 Nc6 8. Nde2 b6 9. f4 d6 10. 0-0 Bb7 11. f5 e5 12. Be3 Be7 13. Nd5 Nxd5 14. exd5 Nb4 15. Qb3 Nxd3 16. Bxb6 Nc5 17. Bxc7 Nxb3 18. axb3 Kd7 19. Bb6 Rhb8 20. Nc3 Bg5 21. Na4 Bc8 22. Bf2 Rxb3 23. Nb6+ Rxb6 24. Bxb6 Rb8 25. c5 dxc5 26. Bxc5 Rb5 27. b4 Bb7 28. Rfd1 Be7 29. Rac1 f6 30. d6 Bd8 31. Kf2 h5 32. g3 Be4 33. Ra1 a5 34. Ke3 Bxf5 35. Rdc1 axb4 36. Ra7+ Ke6 37. Rxg7 Bb6 38. Bxb6 Rxb6 39. d7 Rd6 40. Rc6 Rxc6 41. d8Q Rc3+ 42. Kd2 Rc2+ 43. Kd1 b3 44. Qd7# 1-0

[Event "GER-ch Blitz (Women)"]
[Site "Viernheim"]
[Date "2023.07.15"]
[Round "3"]
[White "Skibbe, Diana"]
[Black "Ley, Sabrina"]
[Result "1/2-1/2"]
[WhiteElo "1938"]
[BlackElo "1838"]
[PlyCount "117"]
[EventDate "2023.07.15"]
[EventType "tourn (blitz)"]
[EventRounds "27"]
[EventCountry "GER"]
[SourceTitle "CBM 215 Extra"]
[Source "ChessBase"]
[SourceDate "2023.09.30"]
[SourceVersion "1"]
[SourceVersionDate "2023.09.30"]
[SourceQuality "1"]

1. e4 d5 2. exd5 Qxd5 3. Nc3 Qd6 4. d4 Nf6 5. Nge2 e6 6. Bf4 Qd8 7. Ng3 a6 8. Be2 Bd7 9. Qd2 Bc6 10. f3 Nbd7 11. 0-0-0 Bb4 12. a3 Ba5 13. Bc4 0-0 14. b4 Bb6 15. Nce4 Bd5 16. Bd3 a5 17. c4 Bxe4 18. Bxe4 axb4 19. Qxb4 Nxe4 20. Nxe4 Qf6 21. Nxf6+ Nxf6 22. c5 Ba5 23. Qb3 Nd5 24. Bd2 b6 25. Bxa5 Rxa5 26. cxb6 cxb6 27. Kd2 Rfa8 28. Ra1 b5 29. Rhc1 h6 30. Rc5 Rb8 31. a4 h5 32. Rxd5 exd5 33. Qxd5 Rxa4 34. Rxa4 bxa4 35. Qd6 Ra8 36. Qa3 g6 37. Kc3 Kg7 38. Kc4 Kf6 39. d5 Ke5 40. Qe3+ Kd6 41. Qb6+ Ke5 42. Qc7+ Kf5 43. d6 a3 44. d7 a2 45. d8Q Rxd8 46. Qxd8 a1Q 47. Qd5+ Kf6 48. Qd4+ Qxd4+ 49. Kxd4 Ke6 50. f4 Kf5 51. g3 Kg4 52. Ke5 Kh3 53. Kf6 Kxh2 54. Kxf7 Kxg3 55. Kxg6 h4 56. f5 h3 57. f6 h2 58. f7 h1Q 59. f8Q 1/2-1/2

[Event "GER-ch Blitz (Women)"]
[Site "Viernheim"]
[Date "2023.07.15"]
[Round "20"]
[White "Skibbe, Diana"]
[Black "Wagner, Dinara"]
[Result "0-1"]
[WhiteElo "1938"]
[BlackElo "2447"]
[PlyCount "60"]
[EventDate "2023.07.15"]
[EventType "tourn (blitz)"]
[EventRounds "27"]
[EventCountry "GER"]
[SourceTitle "CBM 215 Extra"]
[Source "ChessBase"]
[SourceDate "2023.09.30"]
[SourceVersion "1"]
[SourceVersionDate "2023.09.30"]
[SourceQuality "1"]

1. e4 c5 2. Nf3 d6 3. d4 cxd4 4. Nxd4 Nf6 5. Nc3 a6 6. Bg5 e6 7. f4 Nbd7 8. Qf3 Qc7 9. 0-0-0 b5 10. a3 Bb7 11. Qh3 Be7 12. Bd3 Qb6 13. Nb3 Rc8 14. Rhe1 Rxc3 15. bxc3 Qc7 16. Kb2 e5 17. fxe5 dxe5 18. Bxf6 Nxf6 19. Qg3 0-0 20. Re3 Rc8 21. Be2 Nxe4 22. Qh3 Nf2 23. Qg3 Nxd1+ 24. Bxd1 Qd6 25. Bg4 Qxa3+ 26. Kb1 Rd8 27. Qxe5 Bf8 28. Bh5 Bd5 29. Rd3 Bxb3 30. cxb3 Qxb3+ 0-1

[Event "GER-ch blitz (Women)"]
[Site "Magdeburg"]
[Date "2022.08.13"]
[Round "15"]
[White "Muetsch, Annmarie"]
[Black "Skibbe, Diana"]
[Result "1-0"]
[WhiteElo "2205"]
[BlackElo "2004"]
[PlyCount "61"]
[EventDate "2022.08.13"]
[EventType "tourn (blitz)"]
[EventRounds "23"]
[EventCountry "GER"]
[SourceTitle "CBM 209 Extra"]
[Source "ChessBase"]
[SourceDate "2022.09.30"]
[SourceVersion "1"]
[SourceVersionDate "2022.09.30"]
[SourceQuality "1"]

1. e4 e5 2. Nf3 Nc6 3. Bc4 Nf6 4. d3 Bc5 5. c3 d5 6. exd5 Nxd5 7. Qb3 Be6 8. Qxb7 0-0 9. Qxc6 Bb6 10. 0-0 e4 11. dxe4 Ne7 12. Qa4 Bg4 13. Be2 Ng6 14. Be3 Bxe3 15. fxe3 Qe7 16. Qb4 c5 17. Qa4 Bd7 18. Qc2 Kh8 19. Nbd2 f5 20. Bd3 f4 21. Nc4 Bb5 22. Qe2 Rad8 23. b3 Qd7 24. Rad1 Qg4 25. h3 Qh5 26. a4 Ba6 27. Nb2 c4 28. Bxc4 Bxc4 29. Nxc4 fxe3 30. Rxd8 Rxd8 31. Qxe3 1-0

[Event "GER-ch blitz (Women)"]
[Site "Magdeburg"]
[Date "2022.08.13"]
[Round "16"]
[White "Skibbe, Diana"]
[Black "Daemering, Katrin"]
[Result "0-1"]
[WhiteElo "2004"]
[BlackElo "2097"]
[PlyCount "20"]
[EventDate "2022.08.13"]
[EventType "tourn (blitz)"]
[EventRounds "23"]
[EventCountry "GER"]
[SourceTitle "CBM 209 Extra"]
[Source "ChessBase"]
[SourceDate "2022.09.30"]
[SourceVersion "1"]
[SourceVersionDate "2022.09.30"]
[SourceQuality "1"]

1. e4 c5 2. d4 cxd4 3. c3 dxc3 4. Nxc3 e6 5. Nf3 a6 6. Bc4 Qc7 7. Qe2 Nc6 8. 0-0 Nf6 9. a4 Ng4 10. Ba2 Nd4 0-1

[Event "GER-ch blitz (Women)"]
[Site "Magdeburg"]
[Date "2022.08.13"]
[Round "18"]
[White "Skibbe, Diana"]
[Black "Grabowski, Petra1111"]
[Result "1-0"]
[WhiteElo "2004"]
[BlackElo "1656"]
[PlyCount "49"]
[EventDate "2022.08.13"]
[EventType "tourn (blitz)"]
[EventRounds "23"]
[EventCountry "GER"]
[SourceTitle "CBM 209 Extra"]
[Source "ChessBase"]
[SourceDate "2022.09.30"]
[SourceVersion "1"]
[SourceVersionDate "2022.09.30"]
[SourceQuality "1"]

1. e4 e6 2. d4 d5 3. Nc3 dxe4 4. Nxe4 Nd7 5. Nf3 Ngf6 6. Ng3 Be7 7. Bd3 b6 8. c3 Bb7 9. 0-0 0-0 10. Qe2 c5 11. Ne5 cxd4 12. cxd4 Nxe5 13. dxe5 Qd5 14. f3 Bc5+ 15. Kh1 Nh5 16. Nxh5 Rad8 17. Be4 Qd7 18. Bxb7 Qxb7 19. Bg5 Rd5 20. f4 Bb4 21. Qg4 Kh8 22. Nxg7 Rd2 23. Bf6 h5 24. Nxh5+ Kh7 25. Qg7# 1-0

[Event "Bodenmais op"]
[Site "Bodenmais"]
[Date "2022.08.04"]
[Round "6"]
[White "Skibbe, Diana"]
[Black "Lorenc, Tomas"]
[Result "0-1"]
[WhiteElo "1943"]
[BlackElo "2167"]
[PlyCount "80"]
[EventDate "2022.07.30"]
[EventType "swiss"]
[EventRounds "9"]
[EventCountry "GER"]
[SourceTitle "CBM 209 Extra"]
[Source "ChessBase"]
[SourceDate "2022.09.30"]
[SourceVersion "1"]
[SourceVersionDate "2022.09.30"]
[SourceQuality "1"]

1. e4 d5 2. exd5 Qxd5 3. Nc3 Qa5 4. d4 Nf6 5. Bd2 Bg4 6. Nf3 Nc6 7. Nb5 Qb6 8. a4 a5 9. c3 0-0-0 10. Be2 Bxf3 11. Bxf3 e5 12. 0-0 h5 13. Qc2 exd4 14. Bxc6 bxc6 15. Nxd4 Bd6 16. Qf5+ Kb7 17. b4 axb4 18. a5 Qc5 19. a6+ Ka8 20. Qxc5 Bxc5 21. Nb3 Ne4 22. cxb4 Nxd2 23. Nxd2 Bxb4 24. Ne4 Rhe8 25. f3 f5 26. Ng3 Bc5+ 27. Kh1 g6 28. Rac1 Bb6 29. Rxc6 h4 30. Rxg6 hxg3 31. Rxg3 Rg8 32. Rh3 Rd7 33. Rh5 f4 34. h4 Rdg7 35. g4 fxg3 36. Kg2 Ka7 37. Ra1 Rg6 38. Rh7 R8g7 39. Rh8 Rd6 40. Ra2 Rd1 0-1

[Event "GER-ch rapid (Women) 46th"]
[Site "Plochingen"]
[Date "2020.09.20"]
[Round "8"]
[White "Frey, Alisa"]
[Black "Skibbe, Diana"]
[Result "0-1"]
[WhiteElo "2087"]
[BlackElo "1991"]
[PlyCount "66"]
[EventDate "2020.09.19"]
[EventType "swiss (rapid)"]
[EventRounds "9"]
[EventCountry "GER"]
[SourceTitle "CBM 198 Extra"]
[Source "ChessBase"]
[SourceDate "2020.11.30"]
[SourceVersion "1"]
[SourceVersionDate "2020.11.30"]
[SourceQuality "1"]

1. e4 e5 2. Nf3 Nf6 3. Nc3 d6 4. Bc4 Be7 5. d3 c6 6. a4 h6 7. h3 0-0 8. 0-0 Nbd7 9. a5 Re8 10. Re1 Nf8 11. Ne2 Ng6 12. Ng3 Bf8 13. c3 d5 14. Bb3 Qc7 15. Qc2 Be6 16. d4 exd4 17. Nxd4 dxe4 18. Nxe6 fxe6 19. Nxe4 Nd5 20. Ng3 Ngf4 21. Qe4 Bc5 22. c4 Nxh3+ 23. Kf1 Nxf2 24. Qh4 Rf8 25. Ke2 Nf4+ 26. Bxf4 Rxf4 27. Qh5 Qd6 28. Bc2 Rd8 29. Rad1 Nxd1 30. Rxd1 Rd4 31. Rxd4 Qxd4 32. Ne4 Qe3+ 33. Kf1 Rf8+ 0-1

[Event "GER-ch rapid (Women) 46th"]
[Site "Plochingen"]
[Date "2020.09.20"]
[Round "9"]
[White "Skibbe, Diana"]
[Black "Muetsch, Annmarie"]
[Result "0-1"]
[WhiteElo "1991"]
[BlackElo "2226"]
[PlyCount "82"]
[EventDate "2020.09.19"]
[EventType "swiss (rapid)"]
[EventRounds "9"]
[EventCountry "GER"]
[SourceTitle "CBM 198 Extra"]
[Source "ChessBase"]
[SourceDate "2020.11.30"]
[SourceVersion "1"]
[SourceVersionDate "2020.11.30"]
[SourceQuality "1"]

1. e4 d6 2. d4 Nf6 3. Nc3 e5 4. dxe5 dxe5 5. Qxd8+ Kxd8 6. Bc4 Bb4 7. Bg5 Ke7 8. Nf3 Nbd7 9. 0-0-0 c6 10. Ne2 h6 11. Bxf6+ Kxf6 12. Ng3 g6 13. c3 Bc5 14. Rhf1 Nb6 15. Bb3 Be6 16. Nh4 Rad8 17. Rxd8 Rxd8 18. Kc2 Nc4 19. Nf3 b5 20. a4 a6 21. Ne2 g5 22. h3 Rb8 23. Ra1 bxa4 24. Bxc4 Bxc4 25. Nfg1 Bb3+ 26. Kd2 h5 27. g3 g4 28. f4 Bf2 29. fxe5+ Kxe5 30. Nf4 Kxe4 31. Nxh5 Be3+ 32. Ke2 Bc4+ 33. Ke1 Bxg1 34. Rxa4 Rxb2 35. Rxc4+ Kd3 36. Rb4 Rxb4 37. cxb4 gxh3 38. Nf4+ Kc4 39. Nxh3 Bd4 40. Ng5 f6 41. Kd2 fxg5 0-1

[Event "GER-ch Blitz (Women)"]
[Site "Magdeburg"]
[Date "2020.08.15"]
[Round "7"]
[White "Birkholz, Olga"]
[Black "Skibbe, Diana"]
[Result "0-1"]
[WhiteElo "2001"]
[BlackElo "1991"]
[PlyCount "62"]
[EventDate "2020.07.28"]
[EventType "tourn (blitz)"]
[EventRounds "29"]
[EventCountry "GER"]
[SourceTitle "EXT 2021"]
[Source "ChessBase"]
[SourceDate "2020.10.23"]
[SourceVersion "1"]
[SourceVersionDate "2020.10.23"]
[SourceQuality "1"]

1. e4 e5 2. Nf3 Nf6 3. Bc4 Nxe4 4. Nxe5 d5 5. Qf3 Qf6 6. Bxd5 Qxf3 7. gxf3 Nd6 8. c4 c6 9. Be4 Nd7 10. Nxd7 Bxd7 11. Bd3 0-0-0 12. Nc3 Be6 13. b3 g6 14. Bb2 Bg7 15. 0-0-0 Ne8 16. Kc2 Nc7 17. Ba3 Rhe8 18. Ne4 Kb8 19. h4 Bf5 20. h5 Ne6 21. hxg6 hxg6 22. Nd6 Bxd3+ 23. Kxd3 Be5 24. c5 Nxc5+ 25. Bxc5 Bxd6 26. Kc4 Bxc5 27. Kxc5 Rd3 28. Rh7 Rxf3 29. a4 Re4 30. b4 Kc7 31. d4 Rc3# 0-1

[Event "GER-ch Blitz (Women)"]
[Site "Magdeburg"]
[Date "2020.08.15"]
[Round "3"]
[White "Heinemann, Josefine"]
[Black "Skibbe, Diana"]
[Result "1-0"]
[WhiteElo "2281"]
[BlackElo "1991"]
[PlyCount "63"]
[EventDate "2020.07.28"]
[EventType "tourn (blitz)"]
[EventRounds "29"]
[EventCountry "GER"]
[SourceTitle "EXT 2021"]
[Source "ChessBase"]
[SourceDate "2020.10.23"]
[SourceVersion "1"]
[SourceVersionDate "2020.10.23"]
[SourceQuality "1"]

1. e4 e5 2. Nf3 Nf6 3. Nxe5 d6 4. Nf3 Nxe4 5. d4 d5 6. Bd3 Bd6 7. 0-0 0-0 8. c4 c6 9. h3 Nd7 10. Nc3 Ndf6 11. cxd5 Nxc3 12. bxc3 cxd5 13. c4 dxc4 14. Bxc4 Bf5 15. Bg5 Be7 16. Ne5 Ne4 17. Bxe7 Qxe7 18. Re1 Qc7 19. Rc1 Qb6 20. Qf3 Nd6 21. Bb3 Qxd4 22. Rcd1 Qb6 23. Rxd6 Qxd6 24. Qxf5 g6 25. Qb1 Kg7 26. Ng4 Qd4 27. Rd1 Qc3 28. Rc1 Qd4 29. Rc4 Qd6 30. Qc1 Rad8 31. Qh6+ Kg8 32. Rf4 1-0

[Event "GER-ch Blitz (Women)"]
[Site "Magdeburg"]
[Date "2020.08.15"]
[Round "12"]
[White "Paehtz, Elisabeth"]
[Black "Skibbe, Diana"]
[Result "1-0"]
[WhiteElo "2473"]
[BlackElo "1991"]
[PlyCount "61"]
[EventDate "2020.07.28"]
[EventType "tourn (blitz)"]
[EventRounds "29"]
[EventCountry "GER"]
[SourceTitle "EXT 2021"]
[Source "ChessBase"]
[SourceDate "2020.10.23"]
[SourceVersion "1"]
[SourceVersionDate "2020.10.23"]
[SourceQuality "1"]

1. d4 f5 2. Nf3 Nf6 3. g3 g6 4. Bg2 Bg7 5. 0-0 d6 6. b3 0-0 7. Bb2 e5 8. dxe5 Ng4 9. Nbd2 Nxe5 10. Nxe5 dxe5 11. Nc4 Qe7 12. Qd5+ Kh8 13. Bxe5 c6 14. Bxg7+ Qxg7 15. Qd6 Nd7 16. Rad1 a5 17. Qc7 a4 18. Rd2 Nc5 19. Qd6 Ne4 20. Bxe4 fxe4 21. Rfd1 Bh3 22. Qc5 axb3 23. axb3 b5 24. Nd6 h6 25. Nxe4 Rae8 26. Nd6 Re6 27. Qxc6 Qf6 28. Qc5 Rxe2 29. Rxe2 Qf3 30. Qd4+ Kh7 31. Qe4 1-0

[Event "GER-ch Blitz (Women)"]
[Site "Magdeburg"]
[Date "2020.08.15"]
[Round "8"]
[White "Skibbe, Diana"]
[Black "Muetsch, Annmarie"]
[Result "0-1"]
[WhiteElo "1991"]
[BlackElo "2219"]
[PlyCount "78"]
[EventDate "2020.07.28"]
[EventType "tourn (blitz)"]
[EventRounds "29"]
[EventCountry "GER"]
[SourceTitle "EXT 2021"]
[Source "ChessBase"]
[SourceDate "2020.10.23"]
[SourceVersion "1"]
[SourceVersionDate "2020.10.23"]
[SourceQuality "1"]

1. e4 c5 2. Nf3 Nc6 3. d4 cxd4 4. Nxd4 e5 5. Nb5 d6 6. N1c3 a6 7. Na3 b5 8. Nd5 Nge7 9. g3 Nxd5 10. exd5 Ne7 11. Bg2 g6 12. c3 Bg7 13. Nc2 Bd7 14. 0-0 0-0 15. a4 bxa4 16. Ne3 f5 17. Nc4 Bb5 18. b3 axb3 19. Qxb3 Rc8 20. Na5 Bxf1 21. Bxf1 Rb8 22. Qa2 Kh8 23. Ba3 e4 24. Bb4 f4 25. Bxa6 fxg3 26. hxg3 e3 27. fxe3 Nf5 28. Nc6 Qg5 29. Nxb8 Rxb8 30. Bxd6 Nxd6 31. Qf2 Bxc3 32. Rf1 Be5 33. Kg2 Rb2 34. Be2 Nf5 35. Kf3 Rb4 36. Kg2 Nxe3+ 37. Kg1 Rb8 38. g4 Nxf1 39. Kxf1 Qf4 0-1

[Event "GER-ch Blitz (Women)"]
[Site "Magdeburg"]
[Date "2020.08.15"]
[Round "4"]
[White "Skibbe, Diana"]
[Black "Zschischang, Marine"]
[Result "0-1"]
[WhiteElo "1991"]
[BlackElo "2070"]
[PlyCount "147"]
[EventDate "2020.07.28"]
[EventType "tourn (blitz)"]
[EventRounds "29"]
[EventCountry "GER"]
[SourceTitle "EXT 2021"]
[Source "ChessBase"]
[SourceDate "2020.10.23"]
[SourceVersion "1"]
[SourceVersionDate "2020.10.23"]
[SourceQuality "1"]

1. e4 e6 2. d4 d5 3. Nc3 dxe4 4. Nxe4 Nd7 5. Nf3 Ngf6 6. Bd3 c5 7. c3 Nxe4 8. Bxe4 Nf6 9. Bb1 cxd4 10. Nxd4 Bc5 11. 0-0 Bxd4 12. cxd4 Bd7 13. Bg5 Bc6 14. Qd2 Qd5 15. f3 Rd8 16. Rd1 0-0 17. Bxf6 gxf6 18. Be4 Qg5 19. Bxc6 bxc6 20. Rac1 Rd6 21. f4 Qg6 22. Rc3 Kh8 23. Rg3 Qf5 24. Qc3 Rfd8 25. h3 c5 26. Rgd3 cxd4 27. Rxd4 Rxd4 28. Rxd4 Rxd4 29. Qxd4 a5 30. Kh2 Kg7 31. b3 Qb5 32. Qe3 Qb4 33. Qg3+ Kf8 34. f5 e5 35. Qe3 Qd6 36. Qh6+ Kg8 37. Qe3 Kf8 38. g3 Ke7 39. h4 Qc7 40. a3 Qc2+ 41. Kh3 Qxf5+ 42. g4 Qc2 43. g5 Qc8+ 44. Kg3 Qc7 45. gxf6+ Kxf6 46. Kg4 Qd7+ 47. Kg3 Qd6 48. Kg4 Qxa3 49. Qb6+ Kg7 50. Kg5 Qe7+ 51. Kh5 f6 52. Qxa5 Qf7+ 53. Kg4 Qxb3 54. Qc7+ Qf7 55. Qc8 Qg6+ 56. Kf3 Qh5+ 57. Kg3 Qg6+ 58. Kf3 e4+ 59. Ke3 f5 60. Qc7+ Kh6 61. Qf4+ Kh5 62. Kd4 Qg4 63. Qc7 Kxh4 64. Qxh7+ Kg3 65. Qb7 Qd1+ 66. Ke5 Qf3 67. Qg7+ Kf2 68. Qb7 e3 69. Qb6 Qe4+ 70. Kf6 f4 71. Kg5 Kg2 72. Kg4 e2 73. Qb2 f3+ 74. Kh5 0-1